000 00741nam a2200241Ia 4500
003 OSt
005 20220925225253.0
006 a|||||r|||| 00| 0
007 ta
008 220923b |||||||| |||| 00| 0 eng d
037 _cGeneral Book
040 _aRTL
_cRTL
_beng
041 _2eng
_aeng
082 _aU18:(B978), M0
100 _aRobbins A R
_9292149
245 0 _aSatellite doppler tracking and its geodetic applic
260 _aLondon
_bRoyal Society UK
_c1980
300 _a406p. Bib chapterwise
_ccm.
490 _aRoyal Society of London. British Naitonal Committee for Geodesy and Geophysics
650 _aGeography
942 _hU18:(B978), M0
_cGB
_2CC
999 _c583173
_d583173